01402cam a22003011 450000100060000000300080000600500170001400800390003103500190007004000230008904100080011208200210012010000310014124500890017226000480026130000350030949000340034450400190037865000290039765000270042670000440045394200120049799900170050995201190052695201510064595201490079695201550094512555BD-RjUL20211208235320.0140129s1969 caua b 001 0 eng a(BD-RjUL)12604 aDLCcDLCdDLCbeng aeng00a587.04bSAV 19691 aSalisbury, Frank B.93762110aVascular plants: form and function /c[by] Frank B. Salisbury [and] Robert V. Parke. aBelmont, Calif. :bWadsworth Pub. Co,c1969 avi, 184 p. :billus. ;c22 cm.0 aFundamentals of botany series aIncludes index 0aPlant morphology.937553 0aPlant physiology.97991 aParke, Robert V.,ejoint author.939103 2ddccBK c12555d12555 00102ddc40708NFICaRUCLbRUCLcStackd2014-01-29l0o587.04 SAV 1969r2014-01-29 00:00:00tC-3w2014-01-29yBK 00102ddc40718NFICaRUCLbRUCLcReadingd1970-10-31eSweets and zeitlingerg13.00l0o587.04 SAV 1969r2017-05-22 00:00:00tC-1w2017-05-22yBK 00102ddc40708NFICaRUCLbRUCLcStackd1970-10-31eSweets and zeitlingerg13.00l0o587.04 SAV 1969r2017-05-22 00:00:00tC-2w2017-05-22yBK 00102ddc40708NFICaRUCLbRUCLcStackd1973-08-17eEuro Bangladesh News Agencyg15.60l0o587.04 SAV 1967r2017-05-23 00:00:00tC-4w2021-12-08yBK